Il sublime visionario /

Gespeichert in:
Bibliographische Detailangaben
1. Verfasser: Rimbaud, Arthur (Verfasst von)
Weitere Verfasser: Rossi Precerutti, Roberto (Herausgegeben von)
Format: Buch
Sprache:Italienisch
Französisch
Veröffentlicht: Milano : Corriere della sera, 2012
Schriftenreihe:Un secolo di poesia. L'Ottocento ; 7
Un secolo di poesia ; Crocetti 42
Tags: Tag hinzufügen
Keine Tags, Fügen Sie das erste Tag hinzu!

MARC

LEADER 00000nam a22000007i 4500
001 IT\ICCU\BA1\0080219
003 ItRI
005 20250503171253.0
008 121017s2012 it |||||| ||||| |||||c
040 |b ita  |c Arcigay Queer VdA 
041 7 |a ita  |a fre  |2 ISO-639-2 
082 |a 841  |2 12 
100 1 |a Rimbaud, Arthur  |0 IT\ICCU\CFIV\030859  |4 aut 
245 1 3 |a Il sublime visionario /  |c Arthur Rimbaud ; a cura di Roberto Rossi Precerutti. 
260 |a Milano :  |b Corriere della sera,  |c 2012 
300 |a 189 p. ;  |c 18 cm 
500 |a Ed. speciale per Corriere della sera. Testo originale a fronte. 
700 1 |a Rossi Precerutti, Roberto  |0 IT\ICCU\LO1V\039424  |4 edt 
830 3 |a Un secolo di poesia. L'Ottocento ;  |v 7  |0 IT\ICCU\MOD\1605629 
830 3 |a Un secolo di poesia ;  |v 42  |a Crocetti  |0 IT\ICCU\RMS\2499177 
942 |2 ddc  |c BK 
952 |0 0  |1 0  |2 ddc  |4 0  |6 841_000000000000000_RIM_SUB  |7 1  |9 4170  |a AO  |b AO  |d 2025-05-03  |l 0  |o 841 RIM SUB  |p 11347  |r 2025-05-03 17:13:28  |w 2025-05-03  |x Di proprietà di Giulio Gasperini  |y BK 
981 1 |6 z01  |a i   |b xxxe  
982 1 |6 z01  |a n 
999 |c 3216  |d 3216